| 000 -LEADER |
| fixed length control field |
00687cam a2200217u 4500 |
| 001 - CONTROL NUMBER |
| control field |
1213 |
| 003 - CONTROL NUMBER IDENTIFIER |
| control field |
BD-DhUAP |
| 005 - DATE AND TIME OF LATEST TRANSACTION |
| control field |
20201228143704.0 |
| 008 - FIXED-LENGTH DATA ELEMENTS--GENERAL INFORMATION |
| fixed length control field |
201228r19821980at 000 0 eng |
| 040 ## - CATALOGING SOURCE |
| Original cataloging agency |
DLC |
| Transcribing agency |
CarP |
| Modifying agency |
BD-DhUAP |
| Language of cataloging |
Eng |
| 082 ## - DEWEY DECIMAL CLASSIFICATION NUMBER |
| Edition number |
23 |
| Classification number |
910 SAL |
| 100 ## - MAIN ENTRY--PERSONAL NAME |
| Personal name |
Sale, Colin. |
| 245 14 - TITLE STATEMENT |
| Title |
Our changing world, Book 1 : |
| Remainder of title |
the vanishing natural ecosystems / |
| Statement of responsibility, etc. |
Colin Sale, Ben Friedman and Graeme Wilson. |
| 260 ## - PUBLICATION, DISTRIBUTION, ETC. |
| Place of publication, distribution, etc. |
Melbourne : |
| Name of publisher, distributor, etc. |
Longman Cheshire, |
| Date of publication, distribution, etc. |
c1980 [Reprinted 1982]. |
| 300 ## - PHYSICAL DESCRIPTION |
| Extent |
198 pages : |
| Other physical details |
illustrations ; |
| Dimensions |
24 cm. |
| 650 ## - SUBJECT ADDED ENTRY--TOPICAL TERM |
| Topical term or geographic name entry element |
Geography. |
| 650 ## - SUBJECT ADDED ENTRY--TOPICAL TERM |
| Topical term or geographic name entry element |
Nature |
| General subdivision |
Effect of human beings on. |
| 700 ## - ADDED ENTRY--PERSONAL NAME |
| Personal name |
Friedman, Ben. |
| 700 ## - ADDED ENTRY--PERSONAL NAME |
| Personal name |
Wilson, Graeme. |
| 942 ## - ADDED ENTRY ELEMENTS (KOHA) |
| Source of classification or shelving scheme |
|
| Koha item type |
Book |